Statystyki dla Jakie to święto? #2

Kliknij tutaj aby rozwiązać quiz!

Ogólne statystyki

  • Ten quiz został rozwiązany 207 razy
  • Średni wynik to 7 z 15

Statystyki odpowiedzi

OpisŚwięto% Poprawnych
Zrób jej laurkę. Mówię Ci! Ucieszy się z każdego prezentu. W końcu jesteś jej synem/córką!Dzień Matki
83%
Popieram ekologów! Zacznijmy dbać o naszą planetę!Dzień Ziemii
74%
Pewnie tak samo jak ja nie możesz doczekać się 1 czerwca, nie?Dzień Dziecka
65%
Uważajcie dziewczyny na chłopaków! Podejrzewam, że chcą was polać wodą :/Śmigus Dyngus
64%
Inaczej Dzień GórnikaBarbórka
62%
W nocy z 29 na 30 listopada...Andrzejki
55%
Może i nie jest kobietą, ale trzeba o nim pamiętać. Podaruj mu prezent. Ucieszy się :DDzień Ojca
49%
A więc zacznijmy od nowa: Styczeń, Luty, Marzec...Nowy Rok
49%
No i po wakacjach...Rozpoczęcie Roku Szkolnego
41%
Może i w Polsce to święto nie należy do najpopularniejszych... Dodawanie, odjemowanie, dzielenie.... Jeszcze nie wiedzie o jakie święto chodzi?Dzień Matematyki
40%
Biel i Czerwień. Z czym kojarzą Ci się te kolory?Święto Flagi
39%
OSTATNI dzień przed Wielkim PostemOstatki
35%
Święto, które obchodzimy 1 marca. Zostało ustanowione w 2011 rokuŚwięto Żołnierzy Wyklętych
20%
Polacy nie gęsi i swój język mają!Dzień Języka Ojczystego
4%
2 święta w jeden dzień?!Święto Wojska Polskiego | Wniebowzięcie NMP
2%

Rozkład punktacji

Percentyl według liczby udzielonych odpowiedzi

Procent ludzi z każdym wynikiem

Twoja historia wyników

Nie rozwiązałeś tego quizu